书目信息 |
| 题名: |
说文解字
|
|
| 作者: | 姜正成 主编 | |
| 分册: | ||
| 出版信息: | 北京 中国财富出版社 2016 |
|
| 页数: | 269页 | |
| 开本: | 24cm | |
| 丛书名: | 一本书读懂系列 | |
| 单 册: | ||
| 中图分类: | H12-49 | |
| 科图分类: | ||
| 主题词: | 汉字--han zi--通俗读物 | |
| 电子资源: | ||
| ISBN: | 978-7-5047-5963-4 | |
| 000 | 00930nam0 22002771 450 | |
| 001 | 0120081942 | |
| 005 | 20170320081942.0 | |
| 010 | @a978-7-5047-5963-4@dCNY38.00 | |
| 100 | @a20160427d2016 em y0chiy50 ea | |
| 101 | 0 | @achi |
| 102 | @aCN@b110000 | |
| 105 | @ay a 000yy | |
| 106 | @ar | |
| 200 | 1 | @a说文解字@9shuo wen jie zi@e一本书读懂中国汉字@f姜正成主编 |
| 210 | @a北京@c中国财富出版社@d2016 | |
| 215 | @a269页@d24cm | |
| 225 | 2 | @a一本书读懂系列@9yi ben shu du dong xi lie |
| 320 | @a有书目 (第267页) | |
| 330 | @a本书不仅介绍了汉字的起源,辨析汉字的本义,还介绍了相关的楹联知识、灯谜知识、奇诗妙对、起名的学问,等等。 | |
| 461 | 0 | @12001 @a一本书读懂系列 |
| 517 | 1 | @a一本书读懂中国汉字@9yi ben shu du dong zhong guo han zi |
| 606 | 0 | @a汉字@9han zi@j通俗读物 |
| 690 | @aH12-49@v5 | |
| 701 | 0 | @a姜正成@9jiang zheng cheng@4主编 |
| 801 | 0 | @aCN@bTANGWEI@c20170308 |
| 905 | @b0954726-8@dH12-49@e174@f3 | |
| 说文解字:一本书读懂中国汉字/姜正成主编.-北京:中国财富出版社,2016 |
| 269页;24cm.-(一本书读懂系列) |
| ISBN 978-7-5047-5963-4:CNY38.00 |
| 本书不仅介绍了汉字的起源,辨析汉字的本义,还介绍了相关的楹联知识、灯谜知识、奇诗妙对、起名的学问,等等。 |
| ● |
| 相关链接 |
|
|
|
|
正题名:说文解字
索取号:H12-49/174
 
预约/预借
| 序号 | 登录号 | 条形码 | 馆藏地/架位号 | 状态 | 备注 |
| 1 | 0954726 | 209547267 | 第二样本阅览室/ [索取号:H12-49/174] | 在馆 | |
| 2 | 0954727 | 209547276 | 第四借阅区/ [索取号:H12-49/174] | 在馆 | |
| 3 | 0954728 | 209547285 | 密集书库-文学院/ [索取号:H12-49/174] | 在馆 |